| 000 | 01344cam a2200349 i 4500 | ||
|---|---|---|---|
| 001 | 18588318 | ||
| 003 | OSt | ||
| 005 | 20251128164717.0 | ||
| 008 | 150423s2015 ilu b 001 0 eng | ||
| 010 | _a 2015014881 | ||
| 020 |
_a9780830824731 _qpbk. : alk. paper |
||
| 035 | _a18588318 | ||
| 040 |
_aDLC _beng _cDLC _erda _dDLC |
||
| 042 | _apcc | ||
| 043 | _an-us--- | ||
| 050 | 0 | 0 |
_aLB1778.2 _b.B87 2015 |
| 082 | 0 | 0 |
_a378.1/2023 _223 |
| 100 | 1 |
_aBurge, Gary M., _d1952- |
|
| 245 | 1 | 0 |
_aMapping your academic career : _bcharting the course of a professor's life / _cGary M. Burge. |
| 264 | 1 |
_aDowners Grove, IL : _bInterVarsity Press, _c[2015] |
|
| 300 |
_a138 pages ; _c21 cm |
||
| 336 |
_atext _2rdacontent |
||
| 337 |
_aunmediated _2rdamedia |
||
| 338 |
_avolume _2rdacarrier |
||
| 504 | _aIncludes bibliographical references and index. | ||
| 650 | 0 |
_aCollege teachers _xVocational guidance _zUnited States. |
|
| 650 | 0 |
_aLearning and scholarship _zUnited States. |
|
| 776 | 0 | 8 |
_iOnline version: _aBurge, Gary M., 1952- _tMapping your academic career _dDowners Grove, IL : InterVarsity Press, [2015] _z9780830898572 _w(DLC) 2015017316 |
| 906 |
_a7 _bcbc _corignew _d1 _eecip _f20 _gy-gencatlg |
||
| 942 |
_2lcc _cBK |
||
| 999 |
_c20809 _d20808 |
||